[Event "Canadian op"]
[Site "Fredericton"]
[Date "1977.07.24"]
[Round "3"]
[White "Brodie, Hugh"]
[Black "Gagnon, Robert"]
[Result "1-0"]
[WhiteElo "1845"]
[BlackElo "1569"]
[PlyCount "89"]
[EventDate "1977.07.23"]
[EventType "swiss"]
[EventRounds "10"]
[EventCountry "CAN"]
[SourceTitle "EXT 2022"]
[Source "ChessBase"]
[SourceDate "2021.10.06"]
[SourceVersion "1"]
[SourceVersionDate "2021.10.06"]
[SourceQuality "1"]

1. e4 e5 2. Nc3 Nf6 3. f4 d5 4. fxe5 Nxe4 5. Nf3 Nxc3 6. bxc3 Be7 7. d4 0-0 8. Bd3 c5 9. 0-0 c4 10. Be2 b5 11. Bf4 Nc6 12. Qd2 Bf5 13. Kh1 Qa5 14. Bg5 Bxg5 15. Nxg5 Bg6 16. Nh3 b4 17. cxb4 Qxb4 18. c3 Qe7 19. Bf3 Rad8 20. Nf4 Qg5 21. Qc1 Be4 22. Bxe4 dxe4 23. Qc2 Nxd4 24. cxd4 Rxd4 25. Ne2 Rd3 26. Qxc4 Qxe5 27. Rad1 Rxd1 28. Rxd1 Re8 29. Qd4 Qxd4 30. Rxd4 Kf8 31. Kg1 f5 32. Kf2 Kf7 33. Rd7+ Re7 34. Rxe7+ Kxe7 35. Nd4 Kf6 36. Nc6 f4 37. Nxa7 e3+ 38. Ke2 h5 39. Nc6 g5 40. a4 Ke6 41. a5 Kd6 42. Nd4 g4 43. Nf5+ Kc5 44. Nxe3 g3 45. h3 1-0